La imagen de la fuente copiada en al del parayso. Favores, que dimanan de esta soberana fuente de María, ...

Detalles Bibliográficos
Autor principal: LOPEZ MAGDALENO, Alfonso ( Fray )
Formato: Libro
Publicado: Alcalá 1670
Materias:
Colección:Banco de datos
Acervo:Biblioteca del Ex Convento de Nuestra Señora de Guadalupe. Zacatecas
Tema general:Ascética
Notas:Regular. XI,10,1 (3798). Encuadernado en un mismo volumen con doce sermones más
LEADER 00797nam a22001930004500
035 |a 42900 
036 |a 4084 
100 1 |a LOPEZ MAGDALENO, Alfonso ( Fray ) 
245 1 0 |a La imagen de la fuente copiada en al del parayso. Favores, que dimanan de esta soberana fuente de María, ... 
260 |a Alcalá  |b imp. María Fernández  |c 1670 
500 |a Regular. XI,10,1 (3798). Encuadernado en un mismo volumen con doce sermones más 
650 1 0 |a Ascética 
949 |a CRZ-CG 
959 |a Ex convento de Nuestra Señora de Guadalupe, Museo Regional de Zacatecas, Zacatecas  |b CCC4 
960 |a Convento de Nuestra Señora de Guadalupe, Zacatecas  |b DD87 
961 |a Franciscana  |b OF 
942 |c CRZ-CG 
943 |g Biblioteca del Ex Convento de Nuestra Señora de Guadalupe. Zacatecas 
999 |c 967027  |d 967027